Rock Subgenres Quiz (Sudden Death) - Statistics

General Stats
  • This quiz has been taken 73 times
  • The average score is 8 of 16
Answers on the Grid
Answers color-coded by a green-red scale on the quiz's grid according to % correct below.
Progressive rock
Art rock
Grime
Acoustic rock
Electronic rock
Post-rock
Surf rock
Math rock
New gen
Cowboy
AOR
Catholic rock
Anatolian rock
Gothic rock
Glam rock
Krautrock
Folk rock
No wave
Baggy
Corporate
Geek rock
Shoegaze
 
Answer Stats
Answer % Correct
Glam rock
73%
Progressive rock
73%
Surf rock
71%
Folk rock
67%
Shoegaze
64%
Gothic rock
60%
Post-rock
58%
Art rock
56%
Math rock
56%
Acoustic rock
49%
AOR
40%
Krautrock
40%
No wave
27%
Geek rock
24%
Anatolian rock
18%
Baggy
18%
No matching quizzes found
Score Distribution
Percent of People with Each Score
Percentile by Number Answered
Your Score History
You have not taken this quiz